000 00391pab a2200157 454500
008 180718b2002 xxu||||| |||| 00| 0 eng d
100 _aKaushal, K.K.
245 _aForest management technologies in rural India
260 _c2002
300 _ap.43-45.
362 _aMay
650 _aForest management - India
650 _aForest management
773 _aKurukshetra
909 _a52257
999 _c52257
_d52257